00182nam a2200085Ia 4500100001100000250000900011245003300020260002900053082001400082 aloshin a1998 aEfficient memory programming amc grawhill book company a5.43bLOS